书目信息 |
| 题名: |
中国人的送礼术
|
|
| 作者: | 赵英 编著 | |
| 分册: | ||
| 出版信息: | 北京 民主与建设出版社 2010.06 |
|
| 页数: | 278页 | |
| 开本: | 25cm | |
| 丛书名: | ||
| 单 册: | ||
| 中图分类: | K892.26 | |
| 科图分类: | ||
| 主题词: | 礼品--li pin--风俗习惯--中国 | |
| 电子资源: | ||
| ISBN: | 978-7-80112-976-5 | |
| 000 | 00738nam0 2200229 450 | |
| 001 | 012010554365 | |
| 005 | 20101104184717.81 | |
| 010 | @a978-7-80112-976-5@dCNY36.80 | |
| 100 | @a20101104d2010 em y0chiy0120 ea | |
| 101 | 0 | @achi |
| 102 | @aCN@b110000 | |
| 105 | @ay z 000yy | |
| 106 | @ar | |
| 200 | 1 | @a中国人的送礼术@Azhong guo ren de song li shu@f赵英编著@Fzhao ying bian zhu |
| 210 | @a北京@c民主与建设出版社@d2010.06 | |
| 215 | @a278页@d25cm | |
| 330 | @a本书讲述了如何针对不同的人物不同的时间和不同的场合送礼的艺术及送礼的技巧,有一定的参考价值。 | |
| 606 | 0 | @a礼品@Ali pin@x风俗习惯@y中国 |
| 690 | @aK892.26@v4 | |
| 701 | 0 | @a赵英@Azhao ying@4编著 |
| 801 | 0 | @aCN@bQSSK@c20101104 |
| 905 | @b787178-80@dK892.26@eZ342@f3 | |
| 中国人的送礼术/赵英编著.-北京:民主与建设出版社,2010.06 |
| 278页;25cm |
| ISBN 978-7-80112-976-5:CNY36.80 |
| 本书讲述了如何针对不同的人物不同的时间和不同的场合送礼的艺术及送礼的技巧,有一定的参考价值。 |
| ● |
| 相关链接 |
|
|
|
正题名:中国人的送礼术
索取号:K892.26/Z342
 
预约/预借
| 序号 | 登录号 | 条形码 | 馆藏地/架位号 | 状态 | 备注 |
| 1 | 787178 | 207871784 | 社科库309/309社科库 14排2列3层/ [索取号:K892.26/Z342] | 在馆 | |
| 2 | 787179 | 207871793 | 社科库309/309社科库 13排2列4层/ [索取号:K892.26/Z342] | 在馆 | |
| 3 | 787180 | 207871800 | 社科库309/309社科库 14排2列3层/ [索取号:K892.26/Z342] | 在馆 |